La novela española contemporánea : 1927-1960 /
Estudio de la novela española desde la generación del 98 hasta 1960. Este segundo volumen, dividido a su vez en dos partes, incluye monografías de los autores que surgen a finales de la década de 1920, la novela social de la preguerra, el impacto de la guerra española en la novela, la novela de la p...
-д хадгалсан:
| Үндсэн зохиолч: | |
|---|---|
| Формат: | Ном |
| Хэл сонгох: | испани |
| Хэвлэсэн: |
Madrid, España :
Gredos,
1962, c1962
|
| Цуврал: | (Biblioteca Románica Hispánica. Estudios y Ensayos ;
41) |
| Нөхцлүүд: | |
| Шошгууд: |
Шошго байхгүй, Энэхүү баримтыг шошголох эхний хүн болох!
|
MARC
| LEADER | 00000nam^a2200000^a^4500 | ||
|---|---|---|---|
| 001 | 000138766 | ||
| 005 | 20250521000000.0 | ||
| 009 | 20260310095439.715 | ||
| 037 | |a Acervo ITESO - Biblioteca | ||
| 041 | |a ESP | ||
| 082 | |a 860. 946 |b NOR V. 2 | ||
| 100 | |a Nora, Eugenio G. de |e (autor) | ||
| 240 | 1 | 4 | |a [La novela española contemporánea] |
| 245 | 1 | 3 | |a La novela española contemporánea : |b 1927-1960 / |c E.G. de Nora. |
| 264 | 4 | |a Madrid, España : |b Gredos, |c 1962, c1962 | |
| 300 | |a 2 v. (418, 514 p.) | ||
| 336 | |a texto |b txt |2 rdacontenido | ||
| 337 | |a sin mediación |b n |2 rdamedio | ||
| 338 | |a volumen |b nc |2 rdasoporte | ||
| 440 | 1 | |a (Biblioteca Románica Hispánica. |p Estudios y Ensayos ; |v 41) | |
| 520 | |a Estudio de la novela española desde la generación del 98 hasta 1960. Este segundo volumen, dividido a su vez en dos partes, incluye monografías de los autores que surgen a finales de la década de 1920, la novela social de la preguerra, el impacto de la guerra española en la novela, la novela de la postguerra y la "nueva oleada" entre el relato lírico y el testimonio objetivo. | ||
| 649 | |a XX | ||
| 650 | |a Novela Española - |x Historia y Crítica - |x Tema Principal | ||
| 650 | |a Literatura Española - |x Historia y Crítica | ||
| 650 | |a Literatura Española - |y Siglo XX | ||
| 650 | |a Aldecoa, Ignacio | ||
| 650 | |a Aub, Max | ||
| 650 | |a Cela, Camilo José | ||
| 650 | |a Delibes, Miguel | ||
| 650 | |a Chacel, Rosa | ||
| 650 | |a Fernández Flórez, Wenceslao | ||
| 650 | |a García Hortelano, Juan | ||
| 650 | |a Gómez de la Serna, Ramón | ||
| 650 | |a Gironella, José María | ||
| 650 | |a Goytisolo, Juan | ||
| 650 | |a Goytisolo, Luis | ||
| 650 | |a Jarnés, Benjamín | ||
| 650 | |a Laforet, Carmen | ||
| 650 | |a Martín Gaite, Carmen | ||
| 650 | |a Matute, Ana María | ||
| 650 | |a Quiroga, Elena | ||
| 650 | |a Sánchez Ferlosio, Rafael | ||
| 650 | |a Sender, Ramón J. | ||
| 650 | |a Soriano, Elena | ||
| 650 | |a Torrente Ballester, Gonzalo | ||
| 600 | |a Celaya, Gabriel | ||
| 910 | |a Fondo Salvador Reynoso Reynoso | ||
| 920 | |a Impresos - Libros | ||
| 930 | |a Fondos Especiales | ||
| 940 | |a Literatura | ||
| 905 | |a 112 | ||
| 901 | |a 0800014974 |b IT2 |c ESP |u 20250521 | ||
| 901 | |a 0800014972 |b IT2 |c ESP |u 20250521 | ||
| 902 | |a https://opac.biblio.iteso.mx/vufind/Record/000138766 | ||